[Event "2nd WTeam w"]
[Site "Ningbo CHN"]
[Date "2009.09.02"]
[Round "1"]
[White "Zhang Xiaowen"]
[Black "Zhao Xue"]
[Result "1/2-1/2"]
[WhiteElo "2391"]
[BlackElo "2542"]
[EventDate "2009.09.02"]

1. e4 c6 2. d4 d5 3. Nc3 dxe4 4. Nxe4 Bf5 5. Ng3 Bg6 6. h4 h6 7. Nf3 Nd7 8.
h5 Bh7 9. Bd3 Bxd3 10. Qxd3 e6 11. Bd2 Ngf6 12. O-O-O Be7 13. Ne4 Nxe4 14.
Qxe4 Nf6 15. Qe2 Qd5 16. c4 Qe4 17. Qxe4 Nxe4 18. Be3 O-O 19. Ne5 Rfd8 20.
g4 f6 21. Nd3 Kf7 22. Kc2 b5 23. b3 Nd6 24. Kc3 Ne4+ 25. Kc2 Nd6 26. Kc3
Ne4+ 27. Kc2 Nd6 1/2-1/2

[Event "2nd WTeam w"]
[Site "Ningbo CHN"]
[Date "2009.09.02"]
[Round "1"]
[White "Ding Yixin"]
[Black "Ju Wenjun"]
[Result "1/2-1/2"]
[WhiteElo "2321"]
[BlackElo "2443"]
[EventDate "2009.09.02"]

1. e4 c5 2. Nf3 d6 3. d4 cxd4 4. Nxd4 Nf6 5. Nc3 a6 6. Be3 Ng4 7. Bc1 Nf6
8. Be3 e5 9. Nf3 Be7 10. Bc4 O-O 11. O-O Nc6 12. Bg5 Be6 13. Bb3 Nd7 14.
Bxe7 Qxe7 15. Nd5 Qd8 16. c3 Na5 17. Re1 Rc8 18. h3 b5 19. Nh2 Nb6 20. Nxb6
Qxb6 21. Nf1 1/2-1/2

[Event "2nd WTeam w"]
[Site "Ningbo CHN"]
[Date "2009.09.02"]
[Round "1"]
[White "Javakhishvili,L"]
[Black "Pham Le Thao Nguyen"]
[Result "1-0"]
[WhiteElo "2472"]
[BlackElo "2301"]
[EventDate "2009.09.02"]

1. Nf3 d5 2. e3 Nf6 3. c4 e6 4. b3 Be7 5. Bb2 Nbd7 6. Be2 O-O 7. O-O b6 8.
d3 Bb7 9. Nbd2 c5 10. Rc1 Rc8 11. Rc2 Qc7 12. Qa1 Rfd8 13. cxd5 Bxd5 14. b4
Qb8 15. b5 Ne8 16. e4 Bb7 17. Nc4 f6 18. a4 Nd6 19. Nfd2 Nxc4 20. Nxc4 Bd6
21. g3 Ne5 22. Qa2 Re8 23. f4 Nxc4 24. Qxc4 Rcd8 25. Bg4 Bc8 26. e5 fxe5
27. f5 Be7 28. fxe6 Qd6 29. Bf5 Rf8 30. Qe4 Bxe6 31. Bxh7+ Kh8 32. Rcf2 Bd5
33. Rxf8+ Rxf8 34. Rxf8+ Bxf8 35. Qf5 Qf6 36. Bxe5 Bb3 37. Bb8 Bxa4 38.
Bxa7 Bxb5 39. Bxb6 1-0

[Event "2nd WTeam w"]
[Site "Ningbo CHN"]
[Date "2009.09.02"]
[Round "1"]
[White "Hoang Thi Nhu Y"]
[Black "Khukhashvili,S"]
[Result "1-0"]
[WhiteElo "2114"]
[BlackElo "2451"]
[EventDate "2009.09.02"]

1. c4 e6 2. Nf3 Nf6 3. e3 d5 4. b3 Bd6 5. Bb2 a5 6. Nc3 c6 7. Qc2 O-O 8. d4
Nbd7 9. Rd1 Qe7 10. Be2 b6 11. O-O Bb7 12. e4 Bb4 13. e5 Ne8 14. cxd5 exd5
15. Bd3 h6 16. Ne2 a4 17. Ng3 Nc7 18. Nf5 Qe6 19. N3h4 Rfd8 20. f4 axb3 21.
Qxb3 Bf8 22. Bb1 g6 23. Qg3 c5 24. Nd6 cxd4 25. Nxb7 Rdb8 26. Nd6 Bxd6 27.
exd6 Qxd6 28. Nf5 Qf8 29. Nxd4 Nc5 30. f5 1-0

[Event "2nd WTeam w"]
[Site "Ningbo CHN"]
[Date "2009.09.02"]
[Round "1"]
[White "Lomineishvili,M"]
[Black "Pham Bich Ngoc"]
[Result "1-0"]
[WhiteElo "2378"]
[BlackElo "2145"]
[EventDate "2009.09.02"]

1. d4 Nf6 2. c4 c5 3. d5 b5 4. cxb5 a6 5. b6 Qxb6 6. Nc3 d6 7. Nf3 g6 8. a4
Bg7 9. Nd2 Nbd7 10. a5 Qc7 11. e4 O-O 12. Be2 Bb7 13. Nc4 Rad8 14. O-O Qb8
15. Bf4 Ne8 16. Bg5 f6 17. Be3 Nc7 18. Rb1 Nb5 19. Nxb5 axb5 20. b4 bxc4
21. bxc5 Nxc5 22. Bxc5 dxc5 23. a6 Qd6 24. axb7 f5 25. Bxc4 Be5 26. h3 fxe4
27. Qe2 Kg7 28. Qxe4 Rf4 29. Qe2 Qf6 30. Rfe1 Bd6 31. g3 Rf3 32. b8=Q Rxb8
33. Rxb8 Bxb8 34. Qxe7+ Qxe7 35. Rxe7+ Kh6 36. h4 Rc3 37. Be2 Rc1+ 38. Kg2
Bd6 39. Rd7 Re1 40. Kf3 Be5 41. g4 g5 42. h5 Bf6 43. d6 c4 44. Rf7 Bd8 45.
Rf8 Ba5 46. Ra8 Bb6 47. d7 c3 48. Ra6 1-0

[Event "2nd WTeam w"]
[Site "Ningbo CHN"]
[Date "2009.09.02"]
[Round "1"]
[White "Kosintseva,N"]
[Black "Zhukova,N"]
[Result "1-0"]
[WhiteElo "2493"]
[BlackElo "2457"]
[EventDate "2009.09.02"]

1. e4 e6 2. d4 d5 3. Nc3 Nc6 4. Nf3 Nf6 5. exd5 exd5 6. Bb5 Bb4 7. O-O O-O
8. Bxc6 bxc6 9. Ne5 Bxc3 10. bxc3 Ne4 11. f3 Nxc3 12. Qd3 Na4 13. Qa3 Nb6
14. Nxc6 Qd6 15. Qxd6 cxd6 16. Bf4 Ba6 17. Rfe1 Nc8 18. Rab1 h6 19. h4 Kh7
20. h5 Rg8 21. Re3 g5 22. hxg6+ fxg6 23. Re6 Rg7 24. Bxd6 Nxd6 25. Rxd6 Rc8
26. Ne5 Bc4 27. a4 h5 28. a5 Be2 29. Rb2 Bd1 30. Rxd5 Bxc2 31. Rc5 Rxc5 32.
dxc5 Bf5 33. c6 Bc8 34. Rd2 Rc7 35. Rd6 g5 36. Nd3 Re7 37. Nb4 g4 38. fxg4
Bxg4 39. Nd5 Re1+ 40. Kf2 Rc1 41. c7 Rc5 42. Ke3 Kg7 43. a6 h4 44. Kd4 Rc1
45. Rd8 Rc6 46. Rg8+ 1-0

[Event "2nd WTeam w"]
[Site "Ningbo CHN"]
[Date "2009.09.02"]
[Round "1"]
[White "Harika,D"]
[Black "Danielian,E"]
[Result "1-0"]
[WhiteElo "2474"]
[BlackElo "2489"]
[EventDate "2009.09.02"]

1. c4 e5 2. Nc3 Nc6 3. Nf3 Nf6 4. a3 d5 5. cxd5 Nxd5 6. Qc2 Be7 7. e3 O-O
8. Be2 Be6 9. O-O a5 10. Na4 h6 11. b3 Bd6 12. Bb2 Qe7 13. Rfc1 Bg4 14. d3
Rad8 15. Nc5 Bc8 16. Nd2 Nb6 17. Nce4 f5 18. Nxd6 cxd6 19. b4 f4 20. e4 Be6
21. b5 Nb8 22. d4 Rc8 23. Qd1 N8d7 24. a4 Kh8 25. Nf3 Bc4 26. Bc3 d5 27.
Nxe5 Nxe5 28. dxe5 dxe4 29. Bxc4 Nxc4 30. Qd4 e3 31. Be1 Nxe5 32. Rxc8 Rxc8
33. fxe3 Rc4 34. Qd5 fxe3 35. Bg3 Rc5 36. Qe4 b6 37. Qxe3 Qg5 38. Qxg5 hxg5
39. Bf2 Rc2 40. Bxb6 Nc4 41. Bd4 Rd2 42. Bf2 Rc2 43. h3 Kh7 44. Rb1 Nd2 45.
Rd1 Ne4 46. Be1 Nc5 47. Rb1 Rc4 48. Bf2 Nxa4 49. b6 Nc3 50. b7 Nxb1 51.
b8=Q Rc1+ 52. Kh2 Nd2 53. Bd4 Nf1+ 54. Kg1 Ne3+ 55. Kf2 Nf5 56. Qb2 Rc7 57.
Be5 Rf7 58. Qa2 Rf8 59. Kg1 g4 60. hxg4 Ne3 61. Qb1+ 1-0

[Event "2nd WTeam w"]
[Site "Ningbo CHN"]
[Date "2009.09.02"]
[Round "1"]
[White "Mkrtchian,L"]
[Black "Sachdev,T"]
[Result "1-0"]
[WhiteElo "2468"]
[BlackElo "2405"]
[EventDate "2009.09.02"]

1. d4 Nf6 2. c4 e6 3. Nc3 Bb4 4. Qc2 d5 5. cxd5 exd5 6. Bg5 h6 7. Bh4 c5 8.
dxc5 g5 9. Bg3 Ne4 10. e3 Qa5 11. Nge2 Bf5 12. Be5 O-O 13. Nd4 Nxc3 14.
Nxf5 Ne4+ 15. Kd1 Nc6 16. Bd4 b6 17. f3 bxc5 18. fxe4 cxd4 19. Qxc6 Be1 20.
Qc2 dxe3 21. Ne7+ Kg7 22. Nc6 1-0

[Event "2nd WTeam w"]
[Site "Ningbo CHN"]
[Date "2009.09.02"]
[Round "1"]
[White "Karavade,E"]
[Black "Galojan,L"]
[Result "1-0"]
[WhiteElo "2391"]
[BlackElo "2326"]
[EventDate "2009.09.02"]

1. d4 Nf6 2. c4 e6 3. Nf3 b6 4. g3 Ba6 5. Nbd2 Bb4 6. Qc2 c5 7. Bg2 Bb7 8.
dxc5 Bxc5 9. O-O Qc7 10. b3 d5 11. Bb2 Nbd7 12. Rac1 Rc8 13. Qb1 Qb8 14.
cxd5 Bxd5 15. e4 Bb7 16. e5 Nd5 17. Ne4 O-O 18. Nxc5 Nxc5 19. Ng5 g6 20.
Rfd1 Rfd8 21. Rc4 h6 22. Nf3 Ne7 23. Nh4 Bxg2 24. Nxg2 Rxd1+ 25. Qxd1 Rd8
26. Qe2 Rd7 27. Ba3 Rd5 28. Ne3 Rxe5 29. f4 Rh5 30. Ng4 Nd5 31. Ne5 Rf5 32.
Ng4 Kh7 33. Bb2 h5 34. Ne3 Nxe3 35. Qxe3 Qd8 36. Rd4 Rd5 37. Rxd5 Qxd5 38.
Qc3 e5 1-0

[Event "2nd WTeam w"]
[Site "Ningbo CHN"]
[Date "2009.09.02"]
[Round "1"]
[White "Aginian,N"]
[Black "Gomes,Mary"]
[Result "1-0"]
[WhiteElo "2307"]
[BlackElo "2396"]
[EventDate "2009.09.02"]

1. e4 c5 2. Nf3 d6 3. d4 cxd4 4. Nxd4 Nf6 5. Nc3 a6 6. Be3 e5 7. Nf3 Be7 8.
Bc4 O-O 9. O-O Be6 10. Bb3 Qc7 11. Qe2 Rc8 12. Rfd1 Bc4 13. Qe1 Nbd7 14.
Rac1 b5 15. Bg5 Qb7 16. Nd2 Bxb3 17. axb3 Nb6 18. Nf1 d5 19. Bxf6 Bxf6 20.
Nxd5 Bg5 21. Nfe3 Nd7 22. h4 Bxe3 23. Qxe3 Re8 24. Rd3 Rac8 25. Qg5 f6 26.
Qg4 Kh8 27. Rg3 Nc5 28. b4 Ne6 29. c3 Rcd8 30. Rd3 Qf7 31. Rcd1 g6 32. Ne3
h5 33. Qf3 Rxd3 34. Rxd3 Nf4 35. Rd6 Re6 36. Rd8+ Re8 37. Rxe8+ Qxe8 38. g3
Nd3 39. Qxf6+ Kh7 40. b3 Nc1 41. Nd5 Nxb3 42. Qxa6 Qf8 43. Qa2 Nc1 44. Qc2
Qh6 45. Ne3 1-0

[Event "2nd WTeam w"]
[Site "Ningbo CHN"]
[Date "2009.09.03"]
[Round "2"]
[White "Sachdev,T"]
[Black "Kosintseva,N"]
[Result "0-1"]
[WhiteElo "2405"]
[BlackElo "2493"]
[EventDate "2009.09.02"]

1. d4 Nf6 2. c4 e6 3. Nf3 d5 4. Nc3 Bb4 5. g3 dxc4 6. Bg2 O-O 7. O-O Nc6 8.
Bg5 Rb8 9. e3 b5 10. a4 a6 11. axb5 axb5 12. Nd2 Ne7 13. Bxf6 gxf6 14. Nde4
Ng6 15. Qh5 Bb7 16. Ra7 Bxc3 17. bxc3 Bxe4 18. Bxe4 f5 19. Bg2 Qd6 20. Qe2
c5 21. h4 h6 22. Rfa1 Rfc8 23. R1a6 Rb6 24. Rxb6 Qxb6 25. Rb7 Qa5 26. Qb2
b4 27. cxb4 cxb4 28. Qxb4 Qd8 29. Rb5 f4 30. Rc5 fxe3 31. fxe3 Rxc5 32.
Qxc5 Qb8 33. h5 Nf8 34. Kh2 Qb3 35. d5 c3 36. d6 Qb2 37. Qd4 Nd7 38. g4 e5
39. Qa4 c2 40. Qxd7 c1=Q 41. Qd8+ Kg7 42. g5 e4 0-1

[Event "2nd WTeam w"]
[Site "Ningbo CHN"]
[Date "2009.09.03"]
[Round "2"]
[White "Romanko,M"]
[Black "Karavade,E"]
[Result "0-1"]
[WhiteElo "2453"]
[BlackElo "2391"]
[EventDate "2009.09.02"]

1. e4 c5 2. Nf3 e6 3. d3 Nc6 4. g3 d6 5. Bg2 g6 6. Bg5 Be7 7. Bxe7 Qxe7 8.
O-O Nf6 9. c3 O-O 10. Nbd2 e5 11. h3 b6 12. Nc4 Bb7 13. Ne3 Nb8 14. Nh4
Nbd7 15. Qe1 Rfe8 16. f4 exf4 17. gxf4 Nh5 18. Qf2 Nf8 19. f5 Nd7 20. Ng4
Ne5 21. f6 Qd7 22. Nh6+ Kh8 23. Qe3 Qe6 24. Qg5 Nxd3 25. N4f5 Ne5 26. Ng3
Nxg3 27. Qxg3 Red8 28. Qg5 Qe8 29. Rf4 Qf8 30. Rh4 Re8 31. Rf1 Rad8 32.
Rff4 Nd3 33. Rfg4 Ne5 34. Rg3 Bc8 35. Nf5 Bxf5 36. exf5 d5 37. fxg6 Nxg6
38. Qh5 Qg8 39. Kh2 Rd6 40. Rhg4 d4 41. cxd4 cxd4 42. Qb5 Red8 43. Qd3 Qf8
44. Qd2 Rxf6 45. Rxd4 Rxd4 46. Qxd4 Qd6 47. Qe4 Rf2 48. Qa8+ Kg7 49. Qxa7
h5 50. Qa3 Qxa3 51. bxa3 h4 52. Rf3 Rxf3 53. Bxf3 Kf6 54. Be2 Ke5 55. Kg1
Nf4 56. Bf1 Ke4 57. Kf2 f6 58. a4 f5 59. a3 Kd4 60. Kf3 Ke5 61. Ke3 Ne6 62.
Bd3 Nd4 63. Bb1 Ne6 64. Bd3 Nc5 65. Bc2 Ne4 66. Bd3 Nc3 67. Bc2 Nd5+ 68.
Kd3 Nf4+ 69. Kc4 Nxh3 70. Kb5 Ng5 71. Kxb6 h3 0-1

[Event "2nd WTeam w"]
[Site "Ningbo CHN"]
[Date "2009.09.03"]
[Round "2"]
[White "Zhukova,N"]
[Black "Zhao Xue"]
[Result "1/2-1/2"]
[WhiteElo "2457"]
[BlackElo "2542"]
[EventDate "2009.09.02"]

1. d4 Nf6 2. c4 e6 3. Nf3 b6 4. g3 Ba6 5. Qc2 c5 6. d5 exd5 7. cxd5 Bb7 8.
Bg2 Nxd5 9. O-O Be7 10. Ne5 Qc7 11. Qe4 Bc6 12. Nxc6 dxc6 13. Nc3 Nxc3 14.
bxc3 O-O 15. Rd1 Bf6 16. Bf4 Qc8 17. Rd3 a6 18. Qc4 Re8 19. Rd2 Ra7 20. Rb1
Rb7 21. h4 Be5 22. Bxe5 Rxe5 23. Rbd1 Qf8 24. Qf4 Re8 25. e3 Qe7 1/2-1/2

[Event "2nd WTeam w"]
[Site "Ningbo CHN"]
[Date "2009.09.03"]
[Round "2"]
[White "Muzychuk,M"]
[Black "Ju Wenjun"]
[Result "1-0"]
[WhiteElo "2441"]
[BlackElo "2443"]
[EventDate "2009.09.02"]

1. e4 c5 2. Nf3 d6 3. d4 cxd4 4. Nxd4 Nf6 5. Nc3 a6 6. Be3 e5 7. Nde2 Be7
8. Ng3 Be6 9. Be2 O-O 10. O-O Nbd7 11. Nd5 Bxd5 12. exd5 Ne8 13. Nf5 Bg5
14. f4 exf4 15. Bxf4 g6 16. Ne3 Ng7 17. Bxg5 Qxg5 18. Nc4 Nb6 19. Nxb6 Qe3+
20. Kh1 Qxb6 21. b3 Nf5 22. Qd2 Ne3 23. Rfe1 Rae8 24. c4 Re5 25. Bf3 Rfe8
26. Rac1 Qd8 27. Re2 Nf5 28. Rce1 Rxe2 29. Rxe2 Rxe2 30. Bxe2 Qf6 31. Kg1
Qe5 32. g3 a5 33. Bf3 b6 34. Kg2 h5 35. Qe2 Qd4 36. h4 Kg7 37. Qf2 Qe5 38.
Kh3 Ne3 39. Qe2 Kf6 40. Kh2 Nf5 41. Qf2 Qe3 42. Qb2+ Nd4 43. Bd1 Ke7 44.
Kg2 Nf5 45. Qf2 Kf6 46. Bc2 Ke5 47. Bxf5 Qxf2+ 48. Kxf2 Kxf5 49. Kf3 Ke5
50. Ke3 f6 51. a3 g5 52. g4 hxg4 53. h5 f5 54. h6 f4+ 55. Kf2 Kf6 56. b4
axb4 57. axb4 Kg6 58. c5 bxc5 59. bxc5 dxc5 60. d6 1-0

[Event "2nd WTeam w"]
[Site "Ningbo CHN"]
[Date "2009.09.03"]
[Round "2"]
[White "Zhang Xiaowen"]
[Black "Dzagnidze,N"]
[Result "0-1"]
[WhiteElo "2391"]
[BlackElo "2535"]
[EventDate "2009.09.02"]

1. e4 c5 2. Nf3 d6 3. d4 cxd4 4. Nxd4 Nf6 5. Nc3 a6 6. a4 e5 7. Nf3 Qc7 8.
Be3 h6 9. Be2 Be7 10. O-O Be6 11. a5 Qc6 12. Nd2 Nbd7 13. Bf3 O-O 14. Re1
Rac8 15. Nf1 Rfd8 16. Re2 Bf8 17. Rd2 Qc7 18. h3 Qb8 19. Na4 Nc5 20. Ng3
Nxa4 21. Rxa4 g6 22. b3 Rc3 23. Ne2 Rxe3 24. fxe3 Qa7 25. Kf2 h5 26. Nc3
Rc8 27. Nd5 Bxd5 28. exd5 Bh6 29. Qe2 Nd7 30. g4 hxg4 31. hxg4 Bg5 32. Rd1
Kg7 33. Raa1 e4 34. Bg2 Rc3 35. Kf1 Rxe3 36. Qf2 Ne5 37. Bxe4 Nxg4 38. Qg1
f5 39. Bh1 Bf4 40. Rd2 Qc5 41. c4 Qb4 0-1

[Event "2nd WTeam w"]
[Site "Ningbo CHN"]
[Date "2009.09.03"]
[Round "2"]
[White "Javakhishvili,L"]
[Black "Wang Yu A"]
[Result "1/2-1/2"]
[WhiteElo "2472"]
[BlackElo "2380"]
[EventDate "2009.09.02"]

1. c4 e5 2. Nc3 Nf6 3. Nf3 Nc6 4. g3 d5 5. cxd5 Nxd5 6. Bg2 Nb6 7. O-O Be7
8. d3 O-O 9. b3 Bg4 10. Bb2 Re8 11. Rc1 Bf8 12. Nd2 Qd7 13. Re1 Bh3 14. Bh1
Rab8 15. Nce4 f6 16. Nc5 Bxc5 17. Rxc5 Nd4 18. Rc1 c6 19. Ne4 Ne6 20. b4
Rbd8 21. a4 Nd5 22. Qb3 Kh8 23. b5 cxb5 24. axb5 f5 25. Nd2 Nd4 26. Bxd4
exd4 27. Nf3 Bg4 28. Nxd4 Nf4 29. e3 Nh3+ 30. Kf1 f4 31. gxf4 Nxf4 32. exf4
Qxd4 33. Re4 Bh3+ 34. Kg1 Qf6 35. Qd5 h6 36. Rxe8+ Rxe8 37. Qh5 Bd7 38. Be4
Qxf4 39. Rc2 g6 40. Qc5 Qg4+ 41. Kh1 Qd1+ 42. Kg2 Qg4+ 43. Kh1 Qd1+ 1/2-1/2

[Event "2nd WTeam w"]
[Site "Ningbo CHN"]
[Date "2009.09.03"]
[Round "2"]
[White "Ding Yixin"]
[Black "Lomineishvili,M"]
[Result "1-0"]
[WhiteElo "2321"]
[BlackElo "2378"]
[EventDate "2009.09.02"]

1. e4 c5 2. Nf3 d6 3. d4 cxd4 4. Nxd4 Nf6 5. Nc3 Nc6 6. g3 g6 7. Nde2 Bg7
8. Bg2 O-O 9. O-O Be6 10. h3 Rb8 11. a4 a6 12. Be3 b5 13. axb5 axb5 14. Nd5
Nd7 15. Ra6 Rc8 16. c3 Nc5 17. Ra1 Ne5 18. b3 Nc6 19. Ra2 Nd7 20. Re1 Re8
21. Bf1 Rb8 22. Nef4 Bxd5 23. exd5 Na5 24. Ne2 Ne5 25. Nd4 b4 26. Bb5 Rxb5
27. Nxb5 bxc3 28. Nxc3 Qc8 29. Ne4 Nxb3 30. f4 Qxh3 31. fxe5 Bxe5 32. Qxb3
Bxg3 33. Rf1 Be5 34. Ng5 Qh4 35. Nf3 1-0

[Event "2nd WTeam w"]
[Site "Ningbo CHN"]
[Date "2009.09.03"]
[Round "2"]
[White "Hoang Thi Nhu Y"]
[Black "Zawadzka,J"]
[Result "1-0"]
[WhiteElo "2114"]
[BlackElo "2414"]
[EventDate "2009.09.02"]

1. c4 Nf6 2. g3 g6 3. Bg2 Bg7 4. Nf3 d6 5. Nc3 O-O 6. Rb1 c5 7. O-O Nc6 8.
d3 Rb8 9. a3 b6 10. b4 Ne8 11. Bd2 Bb7 12. Qc1 e6 13. Bh6 f5 14. Bxg7 Kxg7
15. e4 Nc7 16. exf5 exf5 17. Re1 h6 18. Nd5 Nxd5 19. cxd5 Ne7 20. bxc5 dxc5
21. d4 Bxd5 22. dxc5 Be4 23. Qb2+ Kh7 24. Rbd1 Qc7 25. Qe5 Rbc8 26. cxb6
axb6 27. Qe6 Rcd8 28. Rxd8 Qxd8 29. Ne5 Qe8 30. Nd7 Rf7 31. Nf6+ Rxf6 32.
Qxf6 Nd5 33. Qd4 Qc6 34. Bxe4 fxe4 35. Qxe4 Qc5 36. Rd1 Nf6 37. Qb7+ Kh8
38. Rd8+ Ng8 39. Qf7 Qc1+ 40. Kg2 Qc6+ 41. Kh3 1-0

[Event "2nd WTeam w"]
[Site "Ningbo CHN"]
[Date "2009.09.03"]
[Round "2"]
[White "Majdan,J"]
[Black "Pham Bich Ngoc"]
[Result "1-0"]
[WhiteElo "2361"]
[BlackElo "2145"]
[EventDate "2009.09.02"]

1. e4 c5 2. Nf3 Nc6 3. d4 cxd4 4. Nxd4 g6 5. Nc3 Bg7 6. Be3 d6 7. Qd2 Nf6
8. f3 O-O 9. Bc4 Bd7 10. h4 Rc8 11. Bb3 h5 12. O-O-O Ne5 13. Bg5 Re8 14.
Kb1 Nc4 15. Bxc4 Rxc4 16. Nb3 Nh7 17. Bh6 Bxc3 18. bxc3 Qc7 19. g4 hxg4 20.
h5 Rxc3 21. hxg6 fxg6 22. Bg7 Kxg7 23. Qh6+ Kf6 24. Qf4+ Kg7 25. Rxh7+ Kxh7
26. Qf7+ 1-0

[Event "2nd WTeam w"]
[Site "Ningbo CHN"]
[Date "2009.09.03"]
[Round "2"]
[White "Vo Thi Kim Phung"]
[Black "Szczepkowska Horowska,K"]
[Result "0-1"]
[WhiteElo "2078"]
[BlackElo "2321"]
[EventDate "2009.09.02"]

1. d4 d6 2. c4 e5 3. d5 Be7 4. Nf3 f5 5. Nc3 Nd7 6. e4 f4 7. Be2 a5 8. h4
Nc5 9. g3 fxg3 10. fxg3 Nf6 11. Qc2 O-O 12. Nh2 Qe8 13. Bg5 Qg6 14. Nf1 h6
15. Bxf6 Rxf6 16. O-O-O Rf8 17. Kb1 Bd7 18. Ka1 a4 19. Kb1 Rf7 20. g4 Bxg4
21. Bxg4 Qxg4 22. Ne3 Qh5 23. Nf5 Bf8 24. Rdf1 g6 25. Rhg1 Bg7 26. Nxg7
Rxg7 27. Qf2 Nd3 28. Qg3 Nf4 29. Rf2 Kh7 30. Rxf4 exf4 31. Qxf4 a3 32. c5
Ra6 33. b4 dxc5 34. bxc5 Ra5 35. Qe3 Qe5 36. Rg2 Rf7 37. Kc2 c6 38. Rd2
cxd5 39. Rxd5 Qh2+ 40. Rd2 Qc7 41. Rd5 Qc6 42. e5 Rb5 43. Kd3 Rb2 44. Qe4
Qa6+ 45. Ke3 Qf1 46. e6 Qh3+ 0-1

[Event "2nd WTeam w"]
[Site "Ningbo CHN"]
[Date "2009.09.04"]
[Round "3"]
[White "Zawadzka,J"]
[Black "Zhang Xiaowen"]
[Result "1-0"]
[WhiteElo "2414"]
[BlackElo "2391"]
[EventDate "2009.09.02"]

1. e4 e6 2. d4 d5 3. Nc3 Nf6 4. e5 Nfd7 5. f4 c5 6. Nf3 Nc6 7. Be3 Be7 8.
Be2 O-O 9. O-O a6 10. a3 b5 11. dxc5 Bxc5 12. Bxc5 Nxc5 13. Nd4 Bb7 14.
Nxc6 Bxc6 15. Qd4 Qb6 16. Bf3 Rab8 17. Ne2 Rfc8 18. Rad1 Be8 19. b3 a5 20.
Kh1 a4 21. f5 axb3 22. cxb3 Nxb3 23. Qf4 Rc4 24. Qg3 Nd4 25. Rxd4 Rxd4 26.
f6 g6 27. Qg5 Qc5 28. Qh6 Qf8 29. Qxf8+ Kxf8 30. Nxd4 Ra8 31. Be2 Rxa3 32.
Bxb5 Re3 33. Bxe8 Kxe8 34. Nf3 h6 35. Kg1 g5 36. Kf2 Ra3 37. g4 Kd7 38. Rb1
Kc7 39. Rb2 Ra4 40. h3 Ra3 41. h4 gxh4 42. Nxh4 Ra4 43. Kg3 Kc6 44. Nf3 d4
45. Rh2 Kd5 46. Rxh6 d3 47. Rh8 Ke4 48. Rd8 Ra3 49. g5 Kf5 50. Rd4 Rc3 51.
Rf4+ Kg6 52. Kg4 Kh7 53. Rd4 Kg6 54. Nh4+ Kh7 55. Rd7 Kg8 56. g6 1-0

[Event "2nd WTeam w"]
[Site "Ningbo CHN"]
[Date "2009.09.04"]
[Round "3"]
[White "Wang Yu A"]
[Black "Dworakowska,J"]
[Result "0-1"]
[WhiteElo "2380"]
[BlackElo "2345"]
[EventDate "2009.09.02"]

1. e4 c5 2. Nf3 d6 3. d4 cxd4 4. Nxd4 Nf6 5. Nc3 a6 6. h3 e6 7. g4 b5 8.
Bg2 Bb7 9. O-O b4 10. Nd5 exd5 11. exd5 Be7 12. Nc6 Qc7 13. Nxe7 Kxe7 14.
Re1+ Kf8 15. g5 Ng8 16. a3 Nd7 17. axb4 Re8 18. Rxe8+ Kxe8 19. Qe2+ Ne7 20.
c4 Kd8 21. Bd2 Nb6 22. Rc1 Re8 23. Qd3 Ng6 24. c5 dxc5 25. bxc5 Nf4 26.
Bxf4 Qxf4 27. Rd1 Nc4 28. Qc3 Re2 29. Qf3 Qxf3 30. Bxf3 Rxb2 31. c6 Bc8 32.
d6 Be6 33. c7+ Kc8 34. Be4 Rb6 35. d7+ Bxd7 36. Rc1 Be6 37. f4 g6 0-1

[Event "2nd WTeam w"]
[Site "Ningbo CHN"]
[Date "2009.09.04"]
[Round "3"]
[White "Majdan,J"]
[Black "Ding Yixin"]
[Result "1/2-1/2"]
[WhiteElo "2361"]
[BlackElo "2321"]
[EventDate "2009.09.02"]

1. e4 c5 2. Nf3 d6 3. d4 cxd4 4. Nxd4 Nf6 5. Nc3 a6 6. h3 e5 7. Nde2 Be7 8.
g4 Be6 9. Bg2 O-O 10. Be3 Nbd7 11. Qd2 Nc5 12. Ng3 g6 13. Bh6 Re8 14. Nf5
Bf8 15. Bxf8 Rxf8 16. Qxd6 Qxd6 17. Nxd6 Rfd8 18. O-O-O Rab8 19. f4 exf4
20. e5 Ne8 21. Rhf1 g5 22. b4 Nd7 23. Nxe8 Rxe8 24. Ne4 Re7 25. Nxg5 Bxa2
26. Rxf4 Nxe5 27. Kb2 Bc4 28. Ne4 Bb5 29. Nf6+ Kg7 30. Nh5+ Kf8 31. Bd5 Rd8
32. Rfd4 Rc7 33. Bb3 Rxd4 34. Rxd4 Nc4+ 35. Bxc4 Rxc4 36. Rxc4 Bxc4 37. Kc3
Bf1 38. Nf4 Ke7 39. Kd4 Kd6 40. h4 h6 41. c4 Ke7 42. Nd5+ Kf8 43. Ne3 Be2
44. Kc5 b5 45. cxb5 axb5 46. Kd6 Kg7 47. Ke5 Kg6 48. Kf4 h5 49. g5 f6 50.
gxf6 Kxf6 51. Nd5+ Ke6 52. Nc3 Bd3 53. Kg5 Ke5 54. Kxh5 Kd4 55. Nxb5+ Bxb5
1/2-1/2

[Event "2nd WTeam w"]
[Site "Ningbo CHN"]
[Date "2009.09.04"]
[Round "3"]
[White "Dzagnidze,N"]
[Black "Gaponenko,I"]
[Result "1-0"]
[WhiteElo "2535"]
[BlackElo "2438"]
[EventDate "2009.09.02"]

1. c4 Nf6 2. g3 e5 3. Bg2 c6 4. d4 exd4 5. Qxd4 d5 6. Nc3 Be6 7. cxd5 cxd5
8. Nf3 Nc6 9. Qa4 Bb4 10. O-O O-O 11. Bg5 h6 12. Bxf6 Qxf6 13. Rac1 Rfd8
14. Rfd1 a6 15. a3 Bf8 16. e3 Rac8 17. Rd2 Rd7 18. Rcd1 Rcd8 19. Rd3 Rd6
20. Qf4 Qe7 21. R3d2 g5 22. Qa4 Qf6 23. Ne2 b5 24. Qc2 Bg4 25. Nfd4 Ne5 26.
b3 Rc8 27. Qb1 Rdd8 28. f4 gxf4 29. exf4 Ng6 30. b4 Qb6 31. Kh1 Ne7 32. h3
Bd7 33. f5 a5 34. Nf4 axb4 35. axb4 Rc4 36. Nxd5 Nxd5 37. Bxd5 Rxb4 38. Qe4
Qf6 39. Qf3 Be7 40. Nc2 Rb2 41. Be4 Be8 42. Rxd8 Bxd8 43. Ne3 Ra2 44. Ng4
Qb6 45. f6 Ra6 46. Nxh6+ Kf8 47. Qg4 Qxf6 48. Qg8+ Ke7 49. Nf5+ Qxf5 50.
Bxf5 Bc6+ 51. Kg1 Bb6+ 52. Kf1 1-0

[Event "2nd WTeam w"]
[Site "Ningbo CHN"]
[Date "2009.09.04"]
[Round "3"]
[White "Khukhashvili,S"]
[Black "Zdebskaja,N"]
[Result "1/2-1/2"]
[WhiteElo "2451"]
[BlackElo "2410"]
[EventDate "2009.09.02"]

1. e4 c5 2. Nf3 d6 3. d4 Nf6 4. Nc3 cxd4 5. Nxd4 a6 6. Bg5 e6 7. f4 Qc7 8.
Bxf6 gxf6 9. Qd2 Nc6 10. O-O-O Bd7 11. Be2 h5 12. Kb1 Be7 13. Nb3 O-O-O 14.
Rhf1 Rdg8 15. g3 Kb8 16. Bf3 Na5 17. Qe2 Nxb3 18. axb3 h4 19. g4 Rc8 20.
Rd2 b5 21. Rd4 Qb6 22. Qd2 Bc6 23. Rd1 Ka7 24. Qe1 Rc7 25. Bg2 b4 26. Na2
a5 27. c3 bxc3 28. Nxc3 Rb8 29. Na4 Bxa4 30. Rxa4 Rc5 31. Bf1 Bd8 32. b4
Qc6 33. bxc5 Qxa4 34. Rxd6 Bc7 35. Rd3 Bxf4 36. Qe2 Qc6 37. Rd7+ Rb7 38.
Rxb7+ Qxb7 39. h3 Be5 40. Qc2 Qb4 41. Bd3 Kb7 42. c6+ Kc7 43. Ba6 Qb6 44.
Bb7 Qe3 45. Qa4 Qb6 46. Qa3 Bd6 47. Qc3 Be5 48. Qa3 Bd6 49. Qc3 Be5 50. Qa3
Bd6 1/2-1/2

[Event "2nd WTeam w"]
[Site "Ningbo CHN"]
[Date "2009.09.04"]
[Round "3"]
[White "Zhao Xue"]
[Black "Sachdev,T"]
[Result "1-0"]
[WhiteElo "2542"]
[BlackElo "2405"]
[EventDate "2009.09.02"]

1. d4 Nf6 2. c4 e6 3. Nf3 b6 4. g3 Ba6 5. b3 Bb4+ 6. Bd2 Be7 7. Bg2 c6 8.
Qc2 d5 9. O-O Nbd7 10. Rd1 O-O 11. Bf4 Rc8 12. Nc3 dxc4 13. e4 Nb8 14. bxc4
Bxc4 15. Bxb8 Rxb8 16. Ne5 b5 17. Nxc6 Qc7 18. Nxb8 Qxb8 19. Rab1 a6 20.
Rd2 Rc8 21. Qb2 h5 22. Nd1 Nd7 23. Ne3 Nb6 24. Rc1 Na4 25. Qb1 Ba3 26. Rcc2
Qd6 27. Rd1 Qe7 28. Bf1 Bb4 29. Nxc4 bxc4 30. Rdc1 c3 31. Qb3 Nb6 32. Rb1
1-0

[Event "2nd WTeam w"]
[Site "Ningbo CHN"]
[Date "2009.09.04"]
[Round "3"]
[White "Huang Qian"]
[Black "Gomes,Mary"]
[Result "1-0"]
[WhiteElo "2424"]
[BlackElo "2396"]
[EventDate "2009.09.02"]

1. d4 e6 2. c4 Nf6 3. Nc3 Bb4 4. Qc2 O-O 5. a3 Bxc3+ 6. Qxc3 b6 7. Bg5 Bb7
8. e3 d6 9. Ne2 Nbd7 10. Qc2 h6 11. Bh4 c5 12. Rd1 Qe7 13. Nc3 cxd4 14.
Rxd4 Rfd8 15. f3 Ne5 16. Qd1 Ng6 17. Bg3 d5 18. cxd5 Nxd5 19. Nxd5 Rxd5 20.
Rxd5 Bxd5 21. Bd3 Qf6 22. Qc2 Ne5 23. Be2 Nd7 24. O-O Bb7 25. Qd2 Nf8 26.
Rc1 Rd8 27. Qb4 Qg5 28. Bf4 Qf5 29. Bg3 Qg5 30. Kf2 Rd7 31. Bb8 Qd8 32.
Bxa7 Rd6 33. a4 Ba8 34. Rc8 Qxc8 35. Qxd6 Nd7 36. Bxb6 Bc6 37. a5 Qb7 38.
Qc7 Nxb6 39. Qxb6 Qd7 40. b4 Kf8 41. b5 Bd5 42. Qc5+ Qe7 43. Qxe7+ Kxe7 44.
f4 Kd7 45. Bf3 Bc4 46. a6 1-0

[Event "2nd WTeam w"]
[Site "Ningbo CHN"]
[Date "2009.09.04"]
[Round "3"]
[White "Kosintseva,N"]
[Black "Mkrtchian,L"]
[Result "1/2-1/2"]
[WhiteElo "2493"]
[BlackElo "2468"]
[EventDate "2009.09.02"]

1. e4 c6 2. d4 d5 3. e5 Bf5 4. Nd2 e6 5. Nb3 Nd7 6. Nf3 Ne7 7. Be2 Nc8 8.
a4 Be7 9. a5 a6 10. O-O O-O 11. Be3 Na7 12. Bd3 Bxd3 13. cxd3 Nb5 14. Qd2
f6 15. exf6 Bxf6 16. Bf4 Qe7 17. Rfe1 Rae8 18. Bg3 c5 19. dxc5 Nxc5 20.
Nxc5 Qxc5 21. Rac1 Qe7 22. d4 Rc8 23. Qe3 Rxc1 24. Rxc1 Qd7 25. h4 Rc8 26.
Re1 Rc2 27. Ne5 Qe8 28. b4 Qe7 29. Nf3 Rc4 30. Qxe6+ Qxe6 31. Rxe6 Bxd4 32.
Nxd4 Nxd4 33. Rd6 Rxb4 34. Rxd5 1/2-1/2